LEADER 01047cam0-22003731i-450- 001 990006751000403321 005 20120914133250.0 035 $a000675100 035 $aFED01000675100 035 $a(Aleph)000675100FED01 035 $a000675100 100 $a20010426d1974----km-y0itay50------ba 101 0 $aita 102 $aIT 105 $ay-------001yy 200 1 $a<>linguaggio delle utopie$eutopia e ideologia$fMassimo Baldini$euna rilettura epistemologica 210 $aRoma$cStudium$d1974 215 $aX, 265 p$d21 cm 225 1 $a<>cultura$v3 610 0 $aEpistemologia 676 $a149.94 676 $a321.07 700 1$aBaldini,$bMassimo$f<1947-2008>$0245583 801 0$aIT$bUNINA$gRICA$2UNIMARC 901 $aBK 912 $a990006751000403321 952 $aCOLLEZ. 677 (3)$b9827$fFSPBC 952 $aCOLLEZ. 139 (3)$b25956*$fFGBC 952 $aP.1 EM 233$bIST.FIL.T.3645$fFLFBC 959 $aFLFBC 959 $aFSPBC 959 $aFGBC 996 $aLinguaggio delle utopie$9630600 997 $aUNINA LEADER 01092nam a22002771i 4500 001 991001029849707536 005 20021113160706.0 008 021113s1983 it a||||||||||||||||ita 020 $a8805038636 035 $ab12089904-39ule_inst 035 $aARCHE-017970$9ExL 040 $aDip.to Filologia Ling. e Lett.$bita$cA.t.i. Arché s.c.r.l. Pandora Sicilia s.r.l. 082 04$a945.107 100 1 $aSymcox, Geoffrey$0450202 245 10$aVittorio Amedeo 2. :$bl'assolutismo sabaudo 1675-1730 /$cGeoffrey Symcox ; prefazione di Giuseppe Ricuperati 260 $aTorino :$bSocietà editrice internazionale,$cc1983 300 $aXX, 361 p. :$bill. ;$c19 cm 490 0 $aSaggi [SEI] 500 $aTrad. di Silvana Patriarca 650 4$aVittorio Amedeo : di Savoia (re ; 2) 907 $a.b12089904$b28-04-17$c01-04-03 912 $a991001029849707536 945 $aLE008 FL.M. VIII I 8$g1$i2008000043964$lle008$o-$pE0.00$q-$rl$s- $t0$u0$v0$w0$x0$y.i12390471$z01-04-03 996 $aVittorio Amedeo 2.$9141255 997 $aUNISALENTO 998 $ale008$b01-04-03$cm$da $e-$fita$git $h0$i1